[Event "GER-chT Youth Countries 2019"]
[Site "Wuerzburg"]
[Date "2019.10.02"]
[Round "1"]
[White "Braeutigam, Katerina"]
[Black "Ruhmke, Rebecca"]
[Result "1-0"]
[WhiteElo "1630"]
[BlackElo "1404"]
[Annotator "NA"]
[PlyCount "49"]
[EventDate "2019.10.02"]
[EventType "team-tourn"]
[EventRounds "7"]
[EventCountry "GER"]
[SourceTitle "playchess.com"]
[Source "ChessBase"]
[SourceQuality "1"]
[WhiteTeam "Germany"]
[BlackTeam "Germany"]
[WhiteTeamCountry "GER"]
[BlackTeamCountry "GER"]
[TimeControl "40/5400+30:1800+30"]

1. c4 {[%emt 0:00:00]} e5 {[%emt 0:00:18]} 2. g3 {[%emt 0:00:02]} Nc6 {[%emt 0:06:15]} 3. Bg2 {[%emt 0:00:09]} Nge7 {[%emt 0:02:17]} 4. Nc3 {[%emt 0:01:05]} d6 {[%emt 0:00:38]} 5. e3 {[%emt 0:03:43]} Be6 {[%emt 0:00:45]} 6. b3 {[%emt 0:01:59]} Qd7 {[%emt 0:00:22]} 7. d4 {[%emt 0:04:10]} Bf5 {[%emt 0:05:53]} 8. d5 {[%emt 0:09:37]} Nb4 {[%emt 0:01:09]} 9. e4 {[%emt 0:02:56]} Bg6 {[%emt 0:00:23]} 10. Nge2 {[%emt 0:01:40]} f5 {[%emt 0:03:04]} 11. a3 {[%emt 0:06:52]} Na6 {[%emt 0:00:51]} 12. Bh3 {[%emt 0:07:40]} O-O-O {[%emt 0:03:06]} 13. Qc2 {[%emt 0:03:53]} h6 {[%emt 0:04:20]} 14. Nd1 {[%emt 0:11:21]} Nc5 {[%emt 0:02:59]} 15. f3 {[%emt 0:02:42]} Bh7 {[%emt 0:00:11]} 16. b4 {[%emt 0:03:53]} Na6 {[%emt 0:00:01]} 17. c5 {[%emt 0:02:32]} Kb8 {[%emt 0:01:21]} 18. Ne3 {[%emt 0:11:19]} g6 {[%emt 0:00:15]} 19. c6 {[%emt 0:01:47]} Qc8 {[%emt 0:01:42]} 20. Nc4 {[%emt 0:05:26]} Bg7 {[%emt 0:01:08]} 21. Na5 {[%emt 0:00:53]} bxc6 {[%emt 0:09:09]} 22. dxc6 {[%emt 0:01:39]} Qe6 {[%emt 0:04:29]} 23. Qd3 {[%emt 0:03:01]} Nxb4 {[%emt 0:07:29]} 24. Qb5+ {[%emt 0:00:14]} Ka8 {[%emt 0:00:06]} 25. Qb7# {[%emt 0:00:07] unterminated} 1-0

[Event "GER-chT Youth Countries 2019"]
[Site "Wuerzburg"]
[Date "2019.10.02"]
[Round "1"]
[White "Fuhrmann, Bahne"]
[Black "Farokhi, Keyvan"]
[Result "0-1"]
[WhiteElo "1623"]
[BlackElo "2018"]
[Annotator "NA"]
[PlyCount "52"]
[EventDate "2019.10.02"]
[EventType "team-tourn"]
[EventRounds "7"]
[EventCountry "GER"]
[SourceTitle "playchess.com"]
[Source "ChessBase"]
[SourceQuality "1"]
[WhiteTeam "Germany"]
[BlackTeam "Germany"]
[WhiteTeamCountry "GER"]
[BlackTeamCountry "GER"]
[TimeControl "40/5400+30:1800+30"]

1. e4 {[%emt 0:00:00]} c6 {[%emt 0:00:00]} 2. d4 {[%emt 0:00:00]} d5 {[%emt 0:00:00]} 3. Nd2 {[%emt 0:00:32]} dxe4 {[%emt 0:00:00]} 4. Nxe4 {[%emt 0:00:08]} Bf5 {[%emt 0:00:00]} 5. Ng3 {[%emt 0:00:11]} Bg6 {[%emt 0:00:00]} 6. Nh3 {[%emt 0:01:35]} e6 {[%emt 0:00:14]} 7. Nf4 {[%emt 0:01:19]} Bd6 {[%emt 0:00:09]} 8. Bc4 {[%emt 0:01:31]} Qc7 {[%emt 0:01:43]} 9. Nxg6 {[%emt 0:04:00]} hxg6 {[%emt 0:00:01]} 10. Qf3 {[%emt 0:01:42]} Nf6 {[%emt 0:01:21]} 11. h3 {[%emt 0:06:46]} Nbd7 {[%emt 0:02:06]} 12. Bg5 {[%emt 0:03:04]} Qa5+ {[%emt 0:03:47]} 13. Bd2 {[%emt 0:00:16]} Qb6 {[%emt 0:00:08]} 14. Qb3 {[%emt 0:03:03]} Bxg3 {[%emt 0:04:20]} 15. fxg3 {[%emt 0:00:11]} Qxd4 {[%emt 0:01:07]} 16. Qxb7 {[%emt 0:03:46]} Rb8 {[%emt 0:00:28]} 17. Qxc6 {[%emt 0:01:23]} Ne4 {[%emt 0:01:10]} 18. Bg5 {[%emt 0:12:23]} Qf2+ {[%emt 0:03:46]} 19. Kd1 {[%emt 0:00:10]} Qxg2 {[%emt 0:00:52]} 20. Bb5 {[%emt 0:02:21]} Qxh1+ {[%emt 0:00:41]} 21. Ke2 {[%emt 0:00:20]} Nxg3+ {[%emt 0:00:23]} 22. Kf2 {[%emt 0:00:25]} Qxc6 {[%emt 0:00:40]} 23. Bxc6 {[%emt 0:00:05]} Rb6 {[%emt 0:04:22]} 24. Bxd7+ {[%emt 0:01:36]} Kxd7 {[%emt 0:00:01]} 25. Kxg3 {[%emt 0:00:29]} Rxb2 {[%emt 0:00:16]} 26. c4 {[%emt 0:00:49]} Rc2 {[%emt 0:01:16] unterminated} 0-1

[Event "GER-chT Youth Countries 2019"]
[Site "Wuerzburg"]
[Date "2019.10.02"]
[Round "1"]
[White "Sauer, Tim"]
[Black "Fröhlich, Niklas"]
[Result "1-0"]
[WhiteElo "1597"]
[BlackElo "1228"]
[Annotator "NA"]
[PlyCount "58"]
[EventDate "2019.10.02"]
[EventType "team-tourn"]
[EventRounds "7"]
[EventCountry "GER"]
[SourceTitle "playchess.com"]
[Source "ChessBase"]
[SourceQuality "1"]
[WhiteTeam "Germany"]
[BlackTeam "Germany"]
[WhiteTeamCountry "GER"]
[BlackTeamCountry "GER"]
[TimeControl "40/5400+30:1800+30"]

1. c4 {[%emt 0:00:00]} e5 {[%emt 0:00:00]} 2. Nc3 {[%emt 0:00:00]} d6 {[%emt 0:00:00]} 3. g3 {[%emt 0:00:00]} c6 {[%emt 0:00:22]} 4. Bg2 {[%emt 0:00:00]} Be6 {[%emt 0:00:19]} 5. d3 {[%emt 0:00:24]} Qc8 {[%emt 0:00:27]} 6. Rb1 {[%emt 0:04:52]} Be7 {[%emt 0:00:26]} 7. b4 {[%emt 0:00:31]} Nf6 {[%emt 0:01:29]} 8. e4 {[%emt 0:05:30]} Nbd7 {[%emt 0:03:00]} 9. Nge2 {[%emt 0:00:36]} Nb6 {[%emt 0:01:48]} 10. f4 {[%emt 0:05:03]} Bh3 {[%emt 0:01:52]} 11. O-O {[%emt 0:01:15]} Qg4 {[%emt 0:04:39]} 12. f5 {[%emt 0:01:07]} Qh5 {[%emt 0:01:22]} 13. Bxh3 {[%emt 0:06:00]} Qxh3 {[%emt 0:00:38]} 14. Rf2 {[%emt 0:00:22]} Ng4 {[%emt 0:01:30]} 15. Rg2 {[%emt 0:00:23]} h5 {[%emt 0:02:34]} 16. Kh1 {[%emt 0:01:30]} Nf6 {[%emt 0:03:16]} 17. Ng1 {[%emt 0:04:23]} Qg4 {[%emt 0:00:28]} 18. Qf1 {[%emt 0:02:43]} d5 {[%emt 0:06:50]} 19. h3 {[%emt 0:07:30]} h4 {[%emt 0:04:13]} 20. hxg4 {[%emt 0:04:00]} hxg3+ {[%emt 0:00:39]} 21. Nh3 {[%emt 0:00:11]} Rxh3+ {[%emt 0:00:24]} 22. Kg1 {[%emt 0:00:09]} O-O-O {[%emt 0:02:21]} 23. Qf3 {[%emt 0:02:34]} dxe4 {[%emt 0:02:59]} 24. dxe4 {[%emt 0:00:46]} Na4 {[%emt 0:08:21]} 25. Rd2 {[%emt 0:30:37]} Rdh8 {[%emt 0:04:14]} 26. Nxa4 {[%emt 0:01:28]} Nxg4 {[%emt 0:02:41]} 27. Qxg4 {[%emt 0:01:08]} Rh1+ {[%emt 0:00:26]} 28. Kg2 {[%emt 0:00:11]} R8h2+ {[%emt 0:01:43]} 29. Kf3 {[%emt 0:00:24]} Rxd2 {[%emt 0:03:48] unterminated} 1-0

[Event "GER-chT Youth Countries 2019"]
[Site "Wuerzburg"]
[Date "2019.10.02"]
[Round "1"]
[White "Rempe, Mieke"]
[Black "Mundt, Alexandra"]
[Result "0-1"]
[WhiteElo "1530"]
[BlackElo "1760"]
[Annotator "NA"]
[PlyCount "62"]
[EventDate "2019.10.02"]
[EventType "swiss"]
[EventRounds "7"]
[EventCountry "GER"]
[SourceTitle "playchess.com"]
[Source "ChessBase"]
[SourceQuality "1"]
[WhiteTeam "Hamburg/Schleswig-Holstein"]
[BlackTeam "Schleswig-Holstein"]
[WhiteTeamCountry "GER"]
[BlackTeamCountry "GER"]
[TimeControl "40/5400+30:1800+30"]

1. e4 {[%emt 0:00:00]} e5 {[%emt 0:00:00]} 2. Nf3 {[%emt 0:00:27]} Nf6 {[%emt 0:00:00]} 3. Nc3 {[%emt 0:00:46]} Bb4 {[%emt 0:00:30]} 4. d3 {[%emt 0:01:28]} d6 {[%emt 0:00:10]} 5. Be2 {[%emt 0:01:53]} h6 {[%emt 0:02:26]} 6. O-O {[%emt 0:02:13]} Nc6 {[%emt 0:01:01]} 7. a3 {[%emt 0:03:46]} Ba5 {[%emt 0:00:47]} 8. b4 {[%emt 0:05:14]} Bb6 {[%emt 0:00:22]} 9. Na4 {[%emt 0:05:59]} O-O {[%emt 0:06:57]} 10. Nxb6 {[%emt 0:01:10]} axb6 {[%emt 0:00:11]} 11. b5 {[%emt 0:01:32]} Ne7 {[%emt 0:06:32]} 12. Ne1 {[%emt 0:05:35]} d5 {[%emt 0:09:43]} 13. Bb2 {[%emt 0:04:52]} Ng6 {[%emt 0:01:53]} 14. exd5 {[%emt 0:04:35]} Nxd5 {[%emt 0:03:50]} 15. Bh5 {[%emt 0:02:35]} Ndf4 {[%emt 0:16:11]} 16. Bxg6 {[%emt 0:00:44]} Nxg6 {[%emt 0:00:11]} 17. Qh5 {[%emt 0:02:27]} Re8 {[%emt 0:08:33]} 18. g3 {[%emt 0:05:38]} Qg5 {[%emt 0:16:46]} 19. Qxg5 {[%emt 0:05:16]} hxg5 {[%emt 0:00:02]} 20. Nf3 {[%emt 0:00:22]} f6 {[%emt 0:02:13]} 21. Rfe1 {[%emt 0:01:44]} Bg4 {[%emt 0:03:48]} 22. Nd2 {[%emt 0:01:28]} Kf7 {[%emt 0:01:21]} 23. Re4 {[%emt 0:02:16]} Be6 {[%emt 0:01:38]} 24. Re3 {[%emt 0:02:29]} Ne7 {[%emt 0:03:19]} 25. c4 {[%emt 0:01:52]} Nf5 {[%emt 0:01:35]} 26. Re2 {[%emt 0:11:17]} Rad8 {[%emt 0:01:04]} 27. g4 {[%emt 0:02:04]} Nh4 {[%emt 0:01:08]} 28. Re3 {[%emt 0:04:14]} Bxg4 {[%emt 0:00:56]} 29. Ne4 {[%emt 0:04:48]} Nf5 {[%emt 0:02:55]} 30. Ree1 {[%emt 0:02:10]} Rxd3 {[%emt 0:01:37]} 31. Rac1 {[%emt 0:06:39]} Nd4 {normal} 0-1

[Event "GER-chT Youth Countries 2019"]
[Site "Wuerzburg"]
[Date "2019.10.02"]
[Round "1"]
[White "Prinzen, Siri Marleen"]
[Black "Reich, Elisabeth"]
[Result "1-0"]
[WhiteElo "1520"]
[BlackElo "1199"]
[Annotator "NA"]
[PlyCount "69"]
[EventDate "2019.10.02"]
[EventType "team-tourn"]
[EventRounds "7"]
[EventCountry "GER"]
[SourceTitle "playchess.com"]
[Source "ChessBase"]
[SourceQuality "1"]
[WhiteTeam "Germany"]
[BlackTeam "Germany"]
[WhiteTeamCountry "GER"]
[BlackTeamCountry "GER"]
[TimeControl "40/5400+30:1800+30"]

1. e4 {[%emt 0:00:00]} c5 {[%emt 0:00:00]} 2. d4 {[%emt 0:00:00]} cxd4 {[%emt 0:00:00]} 3. c3 {[%emt 0:00:00]} dxc3 {[%emt 0:00:00]} 4. Nxc3 {[%emt 0:00:00]} d6 {[%emt 0:00:04]} 5. Nf3 {[%emt 0:00:03]} Nf6 {[%emt 0:00:15]} 6. Bc4 {[%emt 0:00:10]} g6 {[%emt 0:00:09]} 7. e5 {[%emt 0:01:38]} dxe5 {[%emt 0:00:58]} 8. Bxf7+ {[%emt 0:00:28]} Kxf7 {[%emt 0:00:14]} 9. Qxd8 {[%emt 0:00:05]} Nc6 {[%emt 0:00:26]} 10. Ng5+ {[%emt 0:01:09]} Kg8 {[%emt 0:00:32]} 11. Qd1 {[%emt 0:00:35]} Bf5 {[%emt 0:00:52]} 12. Qb3+ {[%emt 0:00:27]} Kg7 {[%emt 0:00:40]} 13. Qf7+ {[%emt 0:01:30]} Kh6 {[%emt 0:00:26]} 14. Nxh7+ {[%emt 0:00:36]} Kh5 {[%emt 0:00:29]} 15. Nxf6+ {[%emt 0:00:19]} exf6 {[%emt 0:00:19]} 16. Qxf6 {[%emt 0:00:59]} Bh6 {[%emt 0:00:31]} 17. Bxh6 {[%emt 0:00:12]} Kxh6 {[%emt 0:00:11]} 18. h4 {[%emt 0:01:44]} Rhf8 {[%emt 0:00:42]} 19. Qg5+ {[%emt 0:00:19]} Kg7 {[%emt 0:00:31]} 20. h5 {[%emt 0:00:33]} Rh8 {[%emt 0:00:16]} 21. h6+ {[%emt 0:00:34]} Kh7 {[%emt 0:00:15]} 22. Nd5 {[%emt 0:00:31]} Kg8 {[%emt 0:00:48]} 23. Ne7+ {[%emt 0:02:02]} Nxe7 {[%emt 0:00:15]} 24. Qxe7 {[%emt 0:00:06]} Rh7 {[%emt 0:00:35]} 25. Qg5 {[%emt 0:00:19]} e4 {[%emt 0:00:32]} 26. g4 {[%emt 0:00:33]} Bd7 {[%emt 0:00:33]} 27. Qxg6+ {[%emt 0:00:21]} Kh8 {[%emt 0:00:09]} 28. Qf6+ {[%emt 0:00:32]} Kg8 {[%emt 0:00:10]} 29. g5 {[%emt 0:00:37]} Rf7 {[%emt 0:00:50]} 30. Qg6+ {[%emt 0:00:17]} Kf8 {[%emt 0:00:22]} 31. h7 {[%emt 0:00:38]} Bf5 {[%emt 0:00:20]} 32. h8=Q+ {[%emt 0:00:31]} Ke7 33. Qe5+ Kd7 {[%emt 0:01:44]} 34. Qgd6+ {[%emt 0:01:02]} Kc8 {[%emt 0:00:18]} 35. Qe8# {unterminated} 1-0

[Event "GER-chT Youth Countries 2019"]
[Site "Wuerzburg"]
[Date "2019.10.02"]
[Round "1"]
[White "Voigt, Anastasia"]
[Black "Sens, Gerda"]
[Result "1-0"]
[WhiteElo "1457"]
[BlackElo "1291"]
[Annotator "NA"]
[PlyCount "55"]
[EventDate "2019.10.02"]
[EventType "team-tourn"]
[EventRounds "7"]
[EventCountry "GER"]
[SourceTitle "playchess.com"]
[Source "ChessBase"]
[SourceQuality "1"]
[WhiteTeam "Germany"]
[BlackTeam "Germany"]
[WhiteTeamCountry "GER"]
[BlackTeamCountry "GER"]
[TimeControl "40/5400+30:1800+30"]

1. e4 {[%emt 0:00:00]} e5 {[%emt 0:00:00]} 2. Nf3 {[%emt 0:00:00]} Nc6 {[%emt 0:00:00]} 3. Bc4 {[%emt 0:00:00]} Bc5 {[%emt 0:00:13]} 4. c3 {[%emt 0:00:00]} Nf6 {[%emt 0:00:22]} 5. d3 {[%emt 0:00:00]} O-O {[%emt 0:00:46]} 6. O-O {[%emt 0:00:01]} a6 {[%emt 0:00:20]} 7. Bb3 {[%emt 0:00:06]} d6 {[%emt 0:00:35]} 8. h3 {[%emt 0:00:35]} Bd7 {[%emt 0:00:32]} 9. Nbd2 {[%emt 0:00:16]} Qe7 {[%emt 0:06:22]} 10. Re1 {[%emt 0:00:40]} h6 {[%emt 0:07:17]} 11. Nf1 {[%emt 0:00:33]} Be6 {[%emt 0:20:57]} 12. Bc2 {[%emt 0:01:23]} d5 {[%emt 0:01:29]} 13. exd5 {[%emt 0:02:32]} Bxd5 {[%emt 0:00:18]} 14. Nxe5 {[%emt 0:01:51]} Nxe5 {[%emt 0:01:30]} 15. d4 {[%emt 0:00:30]} Bd6 {[%emt 0:00:39]} 16. dxe5 {[%emt 0:00:12]} Bxe5 {[%emt 0:00:36]} 17. Bf4 {[%emt 0:01:08]} Rad8 {[%emt 0:04:13]} 18. Rxe5 {[%emt 0:04:09]} Be6 {[%emt 0:01:40]} 19. Qe1 {[%emt 0:01:04]} Nd7 {[%emt 0:03:46]} 20. Re2 {[%emt 0:00:25]} Qf6 {[%emt 0:03:20]} 21. Bxc7 {[%emt 0:00:27]} Rde8 {[%emt 0:02:40]} 22. Bd6 {[%emt 0:02:29]} Qg5 {[%emt 0:02:37]} 23. Ng3 {[%emt 0:00:55]} Rd8 {[%emt 0:07:11]} 24. Bxf8 {[%emt 0:00:19]} Nxf8 {[%emt 0:00:15]} 25. Rd1 {[%emt 0:01:59]} Rc8 {[%emt 0:06:41]} 26. b3 {[%emt 0:01:14]} Qf6 {[%emt 0:03:52]} 27. c4 {[%emt 0:00:31]} Rc5 {[%emt 0:04:28]} 28. Ne4 {[%emt 0:00:28] unterminated} 1-0

[Event "GER-chT Youth Countries 2019"]
[Site "Wuerzburg"]
[Date "2019.10.02"]
[Round "1"]
[White "Sinnhoefer, Lilian"]
[Black "Brunner, Sophia"]
[Result "0-1"]
[WhiteElo "1428"]
[BlackElo "1935"]
[Annotator "NA"]
[PlyCount "83"]
[EventDate "2019.10.02"]
[EventType "swiss"]
[EventRounds "7"]
[EventCountry "GER"]
[SourceTitle "playchess.com"]
[Source "ChessBase"]
[SourceQuality "1"]
[WhiteTeam "Bremen/Niedersachsen"]
[BlackTeam "Niedersachsen"]
[WhiteTeamCountry "GER"]
[BlackTeamCountry "GER"]
[TimeControl "40/5400+30:1800+30"]

1. e4 {[%emt 0:00:00]} e6 {[%emt 0:00:00]} 2. d4 {[%emt 0:00:00]} d5 {[%emt 0:00:00]} 3. Nd2 {[%emt 0:00:00]} Nf6 {[%emt 0:00:00]} 4. e5 {[%emt 0:00:07]} Nfd7 {[%emt 0:00:09]} 5. Bd3 {[%emt 0:00:43]} c5 {[%emt 0:00:10]} 6. c3 {[%emt 0:00:10]} Nc6 {[%emt 0:00:08]} 7. Ne2 {[%emt 0:00:25]} cxd4 {[%emt 0:00:12]} 8. cxd4 {[%emt 0:00:25]} f6 {[%emt 0:00:04]} 9. exf6 {[%emt 0:00:19]} Nxf6 {[%emt 0:00:06]} 10. Nf3 {[%emt 0:00:18]} Bd6 {[%emt 0:00:08]} 11. O-O {[%emt 0:00:31]} Qc7 {[%emt 0:00:09]} 12. Bg5 {[%emt 0:13:30]} O-O {[%emt 0:00:28]} 13. Bh4 {[%emt 0:01:40]} Nh5 {[%emt 0:02:12]} 14. Qc2 {[%emt 0:01:39]} h6 {[%emt 0:00:11]} 15. Bh7+ {[%emt 0:00:12]} Kh8 {[%emt 0:00:05]} 16. Bg6 {[%emt 0:00:43]} Rxf3 {[%emt 0:00:12]} 17. Bxh5 {[%emt 0:00:25]} Rf5 {[%emt 0:00:07]} 18. Bg6 {[%emt 0:08:53]} Bxh2+ {[%emt 0:00:13]} 19. Kh1 {[%emt 0:02:24]} Bd6 {[%emt 0:00:06]} 20. Bxf5 {[%emt 0:17:52]} exf5 {[%emt 0:00:20]} 21. Bg3 {[%emt 0:05:20]} f4 {[%emt 0:04:03]} 22. Bh2 {[%emt 0:02:14]} Qf7 {[%emt 0:02:29]} 23. Rae1 {[%emt 0:20:49]} Bd7 {[%emt 0:19:18]} 24. Qd2 {[%emt 0:05:13]} Rf8 {[%emt 0:01:07]} 25. f3 {[%emt 0:03:50]} Qf6 {[%emt 0:08:26]} 26. Nc3 {[%emt 0:02:06]} Qh4 {[%emt 0:11:09]} 27. Qf2 {[%emt 0:02:36]} Qxf2 {[%emt 0:06:13]} 28. Rxf2 {[%emt 0:00:04]} Rf5 {[%emt 0:00:26]} 29. Rd1 {[%emt 0:01:28]} Kg8 {[%emt 0:02:53]} 30. Ne2 {[%emt 0:01:20]} g5 {[%emt 0:03:45]} 31. g3 {[%emt 0:01:17]} Kf7 {[%emt 0:05:39]} 32. gxf4 {[%emt 0:01:21]} gxf4 {[%emt 0:00:13]} 33. Rg2 {[%emt 0:00:41]} Ne7 {[%emt 0:18:42]} 34. Rdg1 {[%emt 0:00:50]} Rf6 {[%emt 0:00:24]} 35. Rg7+ {[%emt 0:01:05]} Ke8 {[%emt 0:04:07]} 36. Rh7 {[%emt 0:04:24]} a6 {[%emt 0:04:44]} 37. Rhg7 {[%emt 0:02:33]} b5 {[%emt 0:03:18]} 38. Rh7 {[%emt 0:00:45]} b4 {[%emt 0:01:55]} 39. Rgg7 {[%emt 0:00:13]} Bb5 {[%emt 0:02:30]} 40. Rh8+ {[%emt 0:00:58]} Rf8 {[%emt 0:02:00]} 41. Rxf8+ {[%emt 0:02:16]} Kxf8 {[%emt 0:00:06]} 42. Rg2 {[%emt 0:00:15] normal} 0-1

[Event "GER-chT Youth Countries 2019"]
[Site "Wuerzburg"]
[Date "2019.10.02"]
[Round "1"]
[White "Roste, Hugo"]
[Black "Stockmann, Till"]
[Result "0-1"]
[WhiteElo "1339"]
[BlackElo "1884"]
[Annotator "NA"]
[PlyCount "58"]
[EventDate "2019.10.02"]
[EventType "team-tourn"]
[EventRounds "7"]
[EventCountry "GER"]
[SourceTitle "playchess.com"]
[Source "ChessBase"]
[SourceQuality "1"]
[WhiteTeam "Germany"]
[BlackTeam "Germany"]
[WhiteTeamCountry "GER"]
[BlackTeamCountry "GER"]
[TimeControl "40/5400+30:1800+30"]

1. d4 {[%emt 0:00:00]} Nf6 {[%emt 0:00:00]} 2. c4 {[%emt 0:00:00]} g6 {[%emt 0:00:00]} 3. Nc3 {[%emt 0:00:00]} Bg7 {[%emt 0:00:20]} 4. e4 {[%emt 0:00:22]} d6 {[%emt 0:00:26]} 5. f3 {[%emt 0:00:28]} O-O {[%emt 0:02:05]} 6. Be3 {[%emt 0:01:03]} Nc6 {[%emt 0:02:05]} 7. Qd2 {[%emt 0:01:55]} a6 {[%emt 0:06:26]} 8. O-O-O {[%emt 0:02:57]} Rb8 {[%emt 0:04:49]} 9. g4 {[%emt 0:02:04]} e5 {[%emt 0:13:46]} 10. d5 {[%emt 0:01:21]} Ne7 {[%emt 0:01:31]} 11. h4 {[%emt 0:03:05]} h5 {[%emt 0:01:27]} 12. gxh5 {[%emt 0:04:49]} Nxh5 {[%emt 0:00:13]} 13. Nge2 {[%emt 0:01:27]} b5 {[%emt 0:05:38]} 14. cxb5 {[%emt 0:04:27]} axb5 {[%emt 0:00:49]} 15. Bh6 {[%emt 0:01:33]} b4 {[%emt 0:13:51]} 16. Nb1 Rb5 17. Qg5 {[%emt 0:10:41]} f6 {[%emt 0:10:05]} 18. Qe3 {[%emt 0:01:07]} c6 {[%emt 0:05:29]} 19. Bxg7 {[%emt 0:02:39]} Kxg7 {[%emt 0:00:40]} 20. Rd2 {[%emt 0:01:38]} cxd5 {[%emt 0:01:39]} 21. exd5 {[%emt 0:01:40]} Rxd5 {[%emt 0:01:25]} 22. Rg1 {[%emt 0:01:10]} Bf5 {[%emt 0:02:20]} 23. Ng3 {[%emt 0:04:53]} Nxg3 {[%emt 0:01:23]} 24. Rxg3 {[%emt 0:00:11]} Qc7+ {[%emt 0:01:33]} 25. Nc3 {[%emt 0:00:48]} bxc3 {[%emt 0:00:09]} 26. bxc3 {[%emt 0:00:07]} Rc5 {[%emt 0:01:06]} 27. c4 {[%emt 0:01:51]} Qb6 {[%emt 0:01:26]} 28. Qb3 {[%emt 0:02:05]} Rb8 {[%emt 0:01:30]} 29. h5 {[%emt 0:04:25]} Qc7 {[%emt 0:00:30] unterminated} 0-1

[Event "GER-chT Youth Countries 2019"]
[Site "Wuerzburg"]
[Date "2019.10.02"]
[Round "1"]
[White "Bako, Isabella"]
[Black "Sereda, Yaroslava"]
[Result "0-1"]
[WhiteElo "1266"]
[BlackElo "1687"]
[Annotator "NA"]
[PlyCount "84"]
[EventDate "2019.10.02"]
[EventType "swiss"]
[EventRounds "7"]
[EventCountry "GER"]
[SourceTitle "playchess.com"]
[Source "ChessBase"]
[SourceQuality "1"]
[WhiteTeam "Team Süd"]
[BlackTeam "Nordrhein-Westfalen"]
[WhiteTeamCountry "GER"]
[BlackTeamCountry "GER"]
[TimeControl "40/5400+30:1800+30"]

1. e4 {[%emt 0:00:00]} c5 {[%emt 0:00:11]} 2. Nf3 {[%emt 0:00:00]} Nc6 {[%emt 0:00:07]} 3. d4 {[%emt 0:00:27]} cxd4 {[%emt 0:00:20]} 4. Nxd4 {[%emt 0:00:27]} g6 {[%emt 0:00:07]} 5. c4 {[%emt 0:00:46]} Bg7 {[%emt 0:01:17]} 6. Be3 {[%emt 0:00:20]} Nf6 {[%emt 0:00:17]} 7. Nc3 {[%emt 0:00:24]} Ng4 {[%emt 0:09:11]} 8. Qxg4 {[%emt 0:00:40]} Nxd4 {[%emt 0:00:08]} 9. Qd1 {[%emt 0:00:52]} Ne6 {[%emt 0:00:56]} 10. Be2 {[%emt 0:02:04]} O-O {[%emt 0:00:34]} 11. O-O {[%emt 0:01:03]} d6 {[%emt 0:02:39]} 12. Qd2 {[%emt 0:01:24]} Bd7 {[%emt 0:48:10]} 13. Rfd1 {[%emt 0:03:51]} Bc6 {[%emt 0:04:17]} 14. Nd5 {[%emt 0:01:28]} Nc5 {[%emt 0:02:26]} 15. f3 {[%emt 0:04:10]} a5 {[%emt 0:10:23]} 16. Rac1 {[%emt 0:02:46]} Bxd5 17. cxd5 {[%emt 0:01:14]} b6 {[%emt 0:05:28]} 18. Bd4 {[%emt 0:02:04]} Qd7 {[%emt 0:02:27]} 19. Bxg7 {[%emt 0:01:33]} Kxg7 {[%emt 0:00:06]} 20. Qc3+ {[%emt 0:05:37]} f6 {[%emt 0:02:56]} 21. Qe3 {[%emt 0:07:30]} Rfc8 {[%emt 0:01:40]} 22. f4 {[%emt 0:02:53]} Qa4 {[%emt 0:03:49]} 23. Bc4 {[%emt 0:03:04]} b5 {[%emt 0:02:21]} 24. Bb3 {[%emt 0:03:02]} Qxe4 {[%emt 0:01:05]} 25. Qxe4 {[%emt 0:00:55]} Nxe4 {[%emt 0:00:04]} 26. Re1 {[%emt 0:02:24]} Rxc1 {[%emt 0:00:41]} 27. Rxc1 {[%emt 0:00:20]} Nc5 {[%emt 0:00:09]} 28. Re1 {[%emt 0:01:02]} Kf7 {[%emt 0:00:26]} 29. Re3 {[%emt 0:06:51]} Rc8 {[%emt 0:01:29]} 30. Bd1 {[%emt 0:01:22]} f5 {[%emt 0:00:29]} 31. Be2 {[%emt 0:01:00]} b4 {[%emt 0:00:37]} 32. a3 {[%emt 0:03:41]} Ne4 {[%emt 0:00:29]} 33. Bd3 {[%emt 0:01:42]} Rc1+ 34. Bf1 {[%emt 0:02:06]} Nd2 {[%emt 0:00:41]} 35. Rf3 {[%emt 0:01:54]} Nxf3+ {[%emt 0:00:18]} 36. gxf3 {[%emt 0:00:16]} bxa3 {[%emt 0:00:33]} 37. bxa3 {[%emt 0:00:24]} Ra1 {[%emt 0:00:11]} 38. Kf2 {[%emt 0:00:46]} Rxa3 {[%emt 0:00:07]} 39. Bb5 {[%emt 0:01:48]} Ra2+ {[%emt 0:00:21]} 40. Kg3 {[%emt 0:00:24]} a4 {[%emt 0:00:27]} 41. Kh4 {[%emt 0:31:05]} Rxh2+ {[%emt 0:30:15]} 42. Kg5 {[%emt 0:00:30]} Rh5# {[%emt 0:00:15] normal} 0-1